000 00689nas a2200241 a 4500
001 001090031
003 AM-YeHGA
005 20250617151452.0
008 150630c19279999|||drzp 0 0arm d
040 _aAM-YeHGA
041 0 _aarm
222 0 _aԱզդարար
245 0 0 _aԱզդարար.
260 _aԿ. Պոլիս :
_bՏպ Հովակիմեան,
_c1927-.
300 _aհամար.
310 _aԱմենօրյա
362 0 _a1927-
650 0 4 _aԱմսագիր
650 1 4 _aԿուսակցություններ
_vՊարբերականներ
650 1 4 _aՍփյուռքահայ գաղթօջախներ
_bՊարբերականներ
942 _2udc
_cCR
090 _c353867
999 _c352053
_d352053